| 000 | 00639nam a22002057a 4500 | ||
|---|---|---|---|
| 003 | OSt | ||
| 005 | 20260212053010.0 | ||
| 008 | 260212b |||||||| |||| 00| 0 eng d | ||
| 020 | _a971-0307-30-4. | ||
| 040 |
_aDWC-Main lib _cOC |
||
| 082 | _aFil. 268 C358 2005 | ||
| 110 | _aCATHOLIC BISHOPS' CONFERENCE OF THE PHILIPPINES | ||
| 245 | _aCatechism for Filipino Catholics | ||
| 260 |
_aManila : _bECCCE, _cc2005. |
||
| 300 |
_axxviii, 605 pages ; _c18 cm. |
||
| 504 | _aIncludes index. | ||
| 650 | _a1. Catholic church-Philippines-Catechisms. | ||
| 650 | _a2. Catholic church-Philippines-Doctrines. | ||
| 942 |
_2ddc _cBK - FIL _kFil. _n0 |
||
| 999 |
_c8365 _d8365 |
||